000 00469cam a2200205 4500
001 D3998
008 090401t1965 xxu||||| |||| 00| 0 eng d
035 _a(Sirsi) u76005
041 _aeng
050 _a346.410435
100 _aGarner, J.F.
245 _aRights of way
260 _aLondon
_bOyez Publications
_c1965
300 _a117p. 21cm
350 _a1.1
490 _aOyez Practice Notes
_v55
520 _aShelf 305
942 _n0
948 _c04/03/1997
999 _c96105
_d96105